000 00358nam a22001577a 4500
003 OSt
008 240103b |||||||| |||| 00| 0 eng d
020 _a9788192069340
082 _a510 GOB
100 _aGOYAL,Yogesh Kumar
245 _aBusiness Mathematics for BBA
250 _a6th Rev
260 _aJBS Publishers
300 _aMISC
942 _2ddc
_cBK
999 _c12158
_d12158